000 00236nam a22001217a 4500
003 SGT
082 _a340
_bDAS
100 _aDAS KUMARI KAKALI
245 _aDOCTRINE OF ULTRA VIRES
260 _c2019
300 _a56
942 _2ddc
_cTH
999 _c34027
_d34027